00566nam a2200241Ia 450000500170000000800460001702000180006303700100008104000080009104000080009904000080010704100080011504100080012308400080013110000190013924500210015824500470017926000230022626000090024936500050025836500080026385600530027120260324114519.0008 260324s9999 xx 000 0 eng d a9781003266556 aEBOOK aCRL beng cCRL 2eng aeng qCRL aNatasha Bowman 4aThe Power of One 0bLeading with Civility, Candor, and Courage bTaylor and Francis c2022 a b220 uhttp://www.taylorfrancis.com/books/9781003266556